Tontiny- historická forma dôchodkového poistenia
Základy životného poistenia a historické formy prvého dôchodkového poistenia. Kúpa dôchodku a prerozdeľovací proces vyplácania doživotného dôchodku majetným vrstvám obyvateľstva.
Uložené v:
| Hlavný autor: | |
|---|---|
| Médium: | Kapitola |
| Jazyk: | Slovak |
| Predmet: | |
| Tagy: |
Žiadne tagy, Buďte prvý, kto otaguje tento záznam!
|
MARC
| LEADER | 00000naa a2200000 4500 | ||
|---|---|---|---|
| 001 | 0185313 | ||
| 005 | 20240502073157.4 | ||
| 041 | 0 | |a slo | |
| 044 | |a SK | ||
| 245 | 1 | 0 | |a Tontiny- historická forma dôchodkového poistenia |c Zuzana Littvová |
| 520 | |a Základy životného poistenia a historické formy prvého dôchodkového poistenia. Kúpa dôchodku a prerozdeľovací proces vyplácania doživotného dôchodku majetným vrstvám obyvateľstva. | ||
| 610 | 2 | 0 | |a história |
| 610 | 2 | 0 | |a poisťovníctvo |
| 610 | 2 | 0 | |a poistenie životné |
| 610 | 2 | 0 | |a poistenie dôchodkové |
| 610 | 2 | 0 | |a fondy penzijné |
| 610 | 2 | 0 | |a dejiny |
| 610 | 2 | 0 | |a poistenci |
| 100 | 1 | |a Littvová, Zuzana | |